| LEADER |
01236ngm0a2200229 450 |
| 001 |
16844559 |
| 100 |
|
|
|a 20201002d2020 u u0frey01 ba
|
| 101 |
0 |
|
|a fre
|
| 102 |
|
|
|a BE
|
| 200 |
0 |
|
|a Jumbo
|f Zoé Wittock, réal.
|g Thomas Roussel, comp. - Zoé Wittock, scénario - Noémie Merlant, Emmanuelle Bercot, Bastien Bouillon, Sam Louwyck, William Abello, Tracy Dossou, ... [et al.] act.
|
| 207 |
|
1 |
|a
|
| 215 |
|
|
|a 1 DVD (01 h 33 mn)
|c 2.39:1, 16/9, coul., (PAL), Son. (Dolby Digital 2.0; français); (Dolby Digital 5
|
| 300 |
|
|
|a Langues principales : français;
|
| 330 |
|
|
|a Jeanne, une jeune femme timide, travaille comme gardienne de nuit dans un parc d'attraction. Elle vit une relation fusionnelle avec sa mère, l'extravertie Margarette. Alors qu'aucun homme n'arrive à trouver sa place au sein du duo que tout oppose, Jeanne développe d'étranges sentiments envers Jumbo, l'attraction phare du parc.
|
| 700 |
|
0 |
|a Wittock
|b Zoé
|4 370
|
| 702 |
|
0 |
|a Roussel
|b Thomas
|4 230
|
| 702 |
|
0 |
|a Merlant
|b Noémie
|4 5
|
| 702 |
|
0 |
|a Bercot
|b Emmanuelle
|4 5
|
| 702 |
|
0 |
|a Bouillon
|b Bastien
|4 5
|
| 900 |
|
|
|a Film
|
| 901 |
|
|
|a Accessible au prêt
|
| 995 |
|
|
|a Bibliothèque
|c Bibliothèque
|f 00156008938425
|h 00156008938425
|k F WIT
|o p
|q a
|r gd
|e Bibliothèque
|